Sports Quiz

Random Sports or Baseball Quiz

Opening Day Lineups: Twins Quiz Stats

 Plays Quiz Updated Apr 30, 2018

Challenge
Share
Tweet
Embed
Score 0/280 Timer 19:00
10 Plays Today
Year Player % Correct
2004Joe Mauer
96%
2005Joe Mauer
96%
2006Joe Mauer
96%
2007Joe Mauer
96%
2008Joe Mauer
96%
2010Joe Mauer
96%
2011Joe Mauer
93.8%
2012Joe Mauer
93.8%
2013Joe Mauer
93.5%
2014Joe Mauer
92.9%
2015Joe Mauer
92.4%
2005Justin Morneau
92.1%
2006Justin Morneau
92.1%
2007Justin Morneau
92.1%
2008Justin Morneau
92.1%
2009Justin Morneau
92.1%
2010Justin Morneau
92.1%
2016Joe Mauer
91.6%
2017Joe Mauer
89.4%
1991Kirby Puckett
89.4%
1992Kirby Puckett
89.4%
1993Kirby Puckett
89.4%
1994Kirby Puckett
89.4%
1995Kirby Puckett
89.4%
2011Justin Morneau
88%
2012Justin Morneau
88%
2013Justin Morneau
87.5%
2006Johan Santana
85.9%
2007Johan Santana
85.9%
2015Danny Santana
83.6%
2018Joe Mauer
83.5%
2016Ervin Santana
83%
1999Torii Hunter
82.3%
2000Torii Hunter
82.3%
2001Torii Hunter
82.3%
2002Torii Hunter
82.3%
2003Torii Hunter
82.3%
2004Torii Hunter
82.3%
2005Torii Hunter
82.3%
2006Torii Hunter
82.3%
2007Torii Hunter
82.3%
2015Torii Hunter
82.2%
2017Ervin Santana
80.8%
2016Brian Dozier
76.7%
2017Brian Dozier
76%
2015Brian Dozier
75.2%
2014Brian Dozier
72.2%
2003Michael Cuddyer
71.4%
2005Michael Cuddyer
71.4%
2007Michael Cuddyer
71.4%
2008Michael Cuddyer
71.4%
2009Michael Cuddyer
71.4%
2010Michael Cuddyer
71.4%
2018Brian Dozier
70.7%
2017Miguel Sano
70.6%
2005Jacque Jones
69.6%
2000Jacque Jones
69.6%
2001Jacque Jones
69.6%
2002Jacque Jones
69.6%
2003Jacque Jones
69.6%
2004Jacque Jones
69.6%
2016Miguel Sano
69.2%
1991Kent Hrbek
67.2%
1993Kent Hrbek
67.2%
1994Kent Hrbek
67.2%
2013Brian Dozier
66.6%
2017Byron Buxton
66.6%
2018Miguel Sano
65.6%
1996Brad Radke
65.6%
1997Brad Radke
65.6%
1999Brad Radke
65.6%
2000Brad Radke
65.6%
2001Brad Radke
65.6%
2002Brad Radke
65.6%
2003Brad Radke
65.6%
2004Brad Radke
65.6%
2005Brad Radke
65.6%
2009Denard Span
65.1%
2010Denard Span
65.1%
2011Michael Cuddyer
64.8%
2016Byron Buxton
64.7%
2009Francisco Liriano
63.8%
1991Chuck Knoblauch
63.4%
1992Chuck Knoblauch
63.4%
1993Chuck Knoblauch
63.4%
1994Chuck Knoblauch
63.4%
1995Chuck Knoblauch
63.4%
1996Chuck Knoblauch
63.4%
1997Chuck Knoblauch
63.4%
1991Jack Morris
61.3%
2008Delmon Young
61.3%
2010Delmon Young
61.3%
2015Kurt Suzuki
61.2%
2018Byron Buxton
61.1%
Year Player % Correct
2006Jason Kubel
61%
2009Jason Kubel
61%
2010Jason Kubel
61%
2011Denard Span
60.7%
2012Denard Span
60.7%
2014Kurt Suzuki
60.5%
2015Trevor Plouffe
60.5%
2016Kurt Suzuki
60.4%
2014Trevor Plouffe
59.9%
2016Trevor Plouffe
59.2%
2013Trevor Plouffe
57.8%
2012Josh Willingham
55.7%
2013Josh Willingham
55.5%
2001David Ortiz
55%
2002David Ortiz
55%
2014Josh Willingham
53.9%
2015Phil Hughes
53.6%
2011Delmon Young
53.2%
2018Eduardo Escobar
53%
2011Jason Kubel
52.9%
2017Jason Castro
52.6%
2016Eduardo Escobar
52.2%
2007Nick Punto
51.7%
2009Nick Punto
51.7%
2010Nick Punto
51.7%
2008Carlos Gomez
50.9%
2009Carlos Gomez
50.9%
1991Chili Davis
50.7%
1992Chili Davis
50.7%
2017Max Kepler
50.3%
2017Eddie Rosario
50%
2004Shannon Stewart
49.9%
2005Shannon Stewart
49.9%
2006Shannon Stewart
49.9%
1999Cristian Guzman
49.8%
2000Cristian Guzman
49.8%
2001Cristian Guzman
49.8%
2002Cristian Guzman
49.8%
2003Cristian Guzman
49.8%
2004Cristian Guzman
49.8%
1996Paul Molitor
49.2%
1997Paul Molitor
49.2%
1998Paul Molitor
49.2%
2018Jason Castro
49%
2010Orlando Hudson
49%
2018Eddie Rosario
48.9%
1991Dan Gladden
48.4%
2000Corey Koskie
48.3%
2001Corey Koskie
48.3%
2002Corey Koskie
48.3%
2004Corey Koskie
48.3%
2010Scott Baker
48.3%
2018Max Kepler
47.2%
2016Eddie Rosario
46.4%
2010J.J. Hardy
45.2%
1999Doug Mientkiewicz
45.1%
2001Doug Mientkiewicz
45.1%
2002Doug Mientkiewicz
45.1%
2003Doug Mientkiewicz
45.1%
2004Doug Mientkiewicz
45.1%
2001A.J. Pierzynski
45%
2002A.J. Pierzynski
45%
2003A.J. Pierzynski
45%
1991Greg Gagne
44.8%
1992Greg Gagne
44.8%
2011Carl Pavano
44.6%
2012Carl Pavano
44.6%
2017Jorge Polanco
44%
2006Luis Castillo
43.9%
2007Luis Castillo
43.9%
2018Logan Morrison
43.4%
2013Aaron Hicks
42.6%
2014Aaron Hicks
41.9%
2009Alexi Casilla
40.6%
2016Byung Ho Park
40.5%
2006Rondell White
40.1%
2007Rondell White
40.1%
2017Robbie Grossman
39.6%
1993Dave Winfield
38.8%
1994Dave Winfield
38.8%
2011Alexi Casilla
38.4%
2012Alexi Casilla
38.4%
1992Scott Erickson
38.1%
1995Scott Erickson
38.1%
2005Jason Bartlett
37.5%
2007Jason Bartlett
37.5%
2014Ricky Nolasco
37.5%
2008Livan Hernandez
37.4%
2018Jake Odorizzi
37.2%
2001Luis Rivas
37%
2002Luis Rivas
37%
2003Luis Rivas
37%
2004Luis Rivas
37%
2005Luis Rivas
37%
Year Player % Correct
1991Brian Harper
37%
1992Brian Harper
37%
1993Brian Harper
37%
1996Matt Lawton
36.8%
1997Matt Lawton
36.8%
1998Matt Lawton
36.8%
1999Matt Lawton
36.8%
2000Matt Lawton
36.8%
2001Matt Lawton
36.8%
2015Kennys Vargas
36.2%
2014Oswaldo Arcia
35.8%
2009Joe Crede
35.8%
2015Oswaldo Arcia
35.3%
1997Terry Steinbach
34.2%
1998Terry Steinbach
34.2%
1999Terry Steinbach
34.2%
1995Marty Cordova
33.8%
1996Marty Cordova
33.8%
1997Marty Cordova
33.8%
1998Marty Cordova
33.8%
1999Marty Cordova
33.8%
2011Danny Valencia
33.3%
2012Danny Valencia
33.3%
1991Shane Mack
33.2%
1992Shane Mack
33.2%
1993Shane Mack
33.2%
2009Mike Redmond
31.5%
1993Kevin Tapani
31.4%
1994Kevin Tapani
31.4%
2013Pedro Florimon
31.1%
1998Ron Coomer
30.5%
1999Ron Coomer
30.5%
2000Ron Coomer
30.5%
2008Brendan Harris
30.3%
2013Ryan Doumit
30.2%
2012Ryan Doumit
30.2%
2013Vance Worley
29.7%
2014Pedro Florimon
29.6%
1997Todd Walker
29.5%
1999Todd Walker
29.5%
2000Todd Walker
29.5%
2005Lew Ford
27.6%
2000Matt LeCroy
27.3%
2003Matt LeCroy
27.3%
2004Matt LeCroy
27.3%
1992Scott Leius
26.2%
1993Scott Leius
26.2%
1994Scott Leius
26.2%
1995Scott Leius
26.2%
2011Tsuyoshi Nishioka
26.1%
1998Otis Nixon
25.7%
1991Mike Pagliarulo
25.6%
1993Mike Pagliarulo
25.6%
2013Chris Parmelee
25.5%
2012Chris Parmelee
25.5%
1992Gene Larkin
25.2%
2008Adam Everett
25.2%
1994Pat Meares
24.3%
1995Pat Meares
24.3%
1996Pat Meares
24.3%
1997Pat Meares
24.3%
1998Pat Meares
24.3%
2015Jordan Schafer
23.4%
2012Jamey Carroll
22.8%
2006Juan Castro
22.8%
2006Tony Batista
22.6%
1992Pedro Munoz
22.3%
1993Pedro Munoz
22.3%
1994Pedro Munoz
22.3%
1995Pedro Munoz
22.3%
2014Chris Colabello
21.8%
2003Dustan Mohr
19.8%
1994Rich Becker
19.7%
1996Rich Becker
19.7%
1997Rich Becker
19.7%
1996Scott Stahoviak
19.5%
1997Scott Stahoviak
19.5%
2008Mike Lamb
19.3%
2008Craig Monroe
18.5%
1994Matt Walbeck
18.2%
1995Matt Walbeck
18.2%
1995Alex Cole
17.7%
1998Bob Tewksbury
17.5%
2002Brian Buchanan
17.1%
2007Jeff Cirillo
16.8%
1999Chad Allen
16.8%
1996Greg Myers
15.3%
2000Butch Huskey
15%
1996Dave Hollins
14.8%
1998Brent Gates
13.3%
1995Kevin Maas
13.1%
1998Orlando Merced
13.1%

You're not logged in!

Compare scores with friends on all Sporcle quizzes.
OR
Log In

You Might Also Like...

Show Comments

Extras

Top Quizzes Today


Score Distribution

Your Account Isn't Verified!

In order to create a playlist on Sporcle, you need to verify the email address you used during registration. Go to your Sporcle Settings to finish the process.

Report this User

Report this user for behavior that violates our Community Guidelines.

Details: